000 01073 a2200325 4500
003 Nust
005 20230127130422.0
010 _a 89026838
020 _a0151907374 :
040 _cNust
082 0 0 _a823.9,WOO
100 1 _aWoolf, Virginia,
_945963
245 1 0 _aTo the lighthouse /
_cVirginia Woolf.
260 _aSan Diego :
_bHarcourt Brace Jovanovich,
_c1990.
300 _a306 p. ;
_c22 cm.
440 3 _aAn HBJ modern classic
_9107913
650 0 _aEnglish
_zScotland
_9107914
650 0 _aLighthouses
_9107915
650 0 _aLoss (Psychology)
_946155
650 0 _aMarried people
_9107916
650 0 _aMothers
_xDeath
_9107917
650 0 _aSummer resorts
_9107918
650 0 _aWidowers
_9107919
651 0 _aSkye, Island of (Scotland)
_9107920
655 7 _aDomestic fiction.
655 7 _aPsychological fiction.
856 4 2 _3Contributor biographical information
_uhttp://www.loc.gov/catdir/enhancements/fy1003/89026838-b.html
856 4 2 _3Publisher description
_uhttp://www.loc.gov/catdir/description/har031/89026838.html
942 _2ddc
_cBK
999 _c186078
_d186078